000 00303nam a2200121Ia 4500
008 190216s9999||||xx |||||||||||||| ||und||
100 _aShashi K Gupta&Amp;Rosi Joshi
245 0 _aSecurity Analysis And Portfolio Management
260 _bKalyani Pub
300 _a422
650 _aCommerce
942 _cBK
999 _c7374
_d7374